[Event "Let's Play Chess!"]
[Site "http://www.queenalice.com/game.php?id=704001"]
[Date "2009.12.27"]
[Round "-"]
[White "klopper"]
[Black "BobySponja"]
[Result "1-0"]
[WhiteElo "1468"]
[BlackElo "1753"]

1. e4 e5 2. Nf3 Nf6 3. Nxe5 Nc6 4. Nxc6 dxc6 5. e5 Nd5 6. c4 Nb6 7. c5 Bxc5 8.
d4 Bb4+ 9. Nc3 Bxc3+ 10. bxc3 Nd5 11. Bc4 Be6 12. O-O Nxc3 13. Qb3 Bxc4 14. Qxc3
Bxf1 15. Kxf1 Qd5 16. Ba3 O-O-O 17. Bb2 g5 18. Kg1 h5 19. Qa3 Kb8 20. h3 g4 21.
h4 Rhg8 22. Qg3 Rg6 23. a4 f5 24. Rc1 Rf8 25. f4 Re6 26. Qc3 Rg8 27. a5 g3 28.
Qd3 Qxa5 29. Qxf5 Reg6 30. Qd3 Rg4 31. f5 Rxh4 32. Qb3 Rhg4 33. Bc3 Qa6 34. Rb1
b6 35. Re1 Qd3 36. f6 Re4 37. Rxe4 Qxe4 38. Qxg8+ Kb7 39. Qxg3 h4 40. Qf3 Qb1+
41. Qf1 1-0

[Event "Let's Play Chess!"]
[Site "http://www.queenalice.com/game.php?id=704005"]
[Date "2009.12.27"]
[Round "-"]
[White "BobySponja"]
[Black "klopper"]
[Result "1-0"]
[WhiteElo "1757"]
[BlackElo "1425"]

1. e4 c6 2. Nf3 d5 3. exd5 cxd5 4. d4 Nc6 5. Bb5 e6 6. Be3 Qa5+ 7. Nc3 Bb4 8.
Bxc6+ bxc6 9. O-O Bxc3 10. bxc3 Qxc3 11. Ne5 Ba6 12. Re1 Nf6 13. h3 Ne4 14. Rb1
O-O 15. Rb3 Qa5 16. Nxc6 Qc7 17. Ne5 Nc3 18. Qd2 Nxa2 19. Ra1 Bc4 20. Nxc4 Qxc4
21. Rxa2 Rab8 22. Rxb8 Rxb8 23. Rxa7 Rb1+ 24. Kh2 Rb2 25. Ra8+ 1-0

[Event "AUTO-OPEN-1814"]
[Site "http://www.queenalice.com/game.php?id=704044"]
[Date "2009.12.27"]
[Round "1"]
[White "jcmulatinho"]
[Black "klopper"]
[Result "0-1"]
[WhiteElo "1349"]
[BlackElo "1100"]

1. d4 Nf6 2. Nc3 g6 3. e4 Bg7 4. h3 d6 5. Nf3 O-O 6. Bc4 Nc6 7. d5 Ne5 8. Nxe5
dxe5 9. b3 c6 10. dxc6 Qxd1+ 11. Kxd1 Rd8+ 12. Ke1 bxc6 13. Bg5 a5 14. Bxf6 exf6
15. Rd1 Rxd1+ 16. Kxd1 f5 17. exf5 Bxf5 18. Re1 Rd8+ 19. Kc1 Bh6+ 20. Kb2 Rd2
21. Re2 Rxe2 22. Bxe2 Bg7 23. f3 e4 24. fxe4 Bxe4 25. g4 Bg2 26. Kb1 Bxh3 27.
Bc4 Bxc3 28. a4 Bxg4 29. Bf1 h5 30. Bg2 c5 31. Bd5 h4 32. Bg2 f5 0-1

[Event "AUTO-OPEN-1814"]
[Site "http://www.queenalice.com/game.php?id=704072"]
[Date "2009.12.27"]
[Round "1"]
[White "klopper"]
[Black "josecastroman"]
[Result "0-1"]
[WhiteElo "1604"]
[BlackElo "1937"]

1. e4 e5 2. Nf3 Nc6 3. Bc4 Bc5 4. O-O d6 5. Nc3 Bg4 6. d3 Nd4 7. Be3 Nxf3+ 8.
gxf3 Bh5 9. Kh1 Qf6 10. Nd5 Bxf3+ 0-1

[Event "AUTO-OPEN-1814"]
[Site "http://www.queenalice.com/game.php?id=704073"]
[Date "2009.12.27"]
[Round "1"]
[White "josecastroman"]
[Black "klopper"]
[Result "1-0"]
[WhiteElo "1932"]
[BlackElo "1550"]

1. e4 c6 2. Nf3 d5 3. exd5 cxd5 4. d4 Nc6 5. Nc3 Bg4 6. Bb5 e6 7. a3 Bd6 8. h3
Bxf3 9. Qxf3 Nf6 10. Bg5 O-O 11. O-O-O 1-0

[Event "AUTO-OPEN-1814"]
[Site "http://www.queenalice.com/game.php?id=704074"]
[Date "2009.12.27"]
[Round "1"]
[White "klopper"]
[Black "shiinov"]
[Result "0-1"]
[WhiteElo "1582"]
[BlackElo "1742"]

1. e4 c5 2. Nf3 d6 3. Bb5+ Nc6 4. O-O Bd7 5. d3 Nf6 6. Bg5 e6 7. Nc3 Be7 8. h4
h6 9. Bxf6 Bxf6 10. Bxc6 Bxc6 11. g4 Bxh4 12. d4 h5 13. dxc5 hxg4 14. Nxh4 Qxh4
15. Qxd6 Qh1# 0-1

[Event "AUTO-OPEN-1814"]
[Site "http://www.queenalice.com/game.php?id=704075"]
[Date "2009.12.27"]
[Round "1"]
[White "shiinov"]
[Black "klopper"]
[Result "0-1"]
[WhiteElo "1421"]
[BlackElo "1469"]

1. d4 Nf6 2. c4 g6 3. Nc3 Bg7 4. e4 d6 5. Nf3 O-O 6. Be2 Bg4 7. h3 Bxf3 8. Bxf3
c5 9. d5 e5 10. h4 Nbd7 11. h5 Nb6 12. b3 a5 13. a4 h6 14. hxg6 fxg6 15. Bxh6
Bxh6 16. Rxh6 Kg7 17. Qd2 Rh8 18. Rxh8 Qxh8 19. O-O-O Qh6 20. Qxh6+ Kxh6 21.
Rh1+ Kg7 22. Nb5 Ne8 23. Kd2 Rd8 24. Ke3 Na8 25. Be2 Nac7 26. Nc3 Nf6 27. g3 Rh8
28. Rxh8 Kxh8 29. f4 Nce8 30. g4 exf4+ 0-1

[Event "Challenge"]
[Site "http://www.queenalice.com/game.php?id=705174"]
[Date "2009.12.29"]
[Round "-"]
[White "chyco"]
[Black "klopper"]
[Result "1-0"]
[WhiteElo "1693"]
[BlackElo "1506"]

1. e4 c6 2. e5 d6 3. exd6 e6 4. Qf3 Bxd6 5. Nh3 Nf6 6. Bc4 O-O 7. O-O b5 8. Bd3
Bb7 9. c3 Qc7 10. g3 c5 11. Qe2 Qc6 12. f3 c4 13. Bc2 Bc5+ 14. d4 cxd3+ 15. Qf2
Bxf2+ 16. Rxf2 Rd8 17. Bd1 Ba6 18. f4 Ne4 19. Bf3 f5 20. Be3 Qc4 21. Na3 Qc7 22.
Ng5 Nc6 23. Bxe4 fxe4 24. Nxe4 e5 25. Rd1 b4 26. Nc5 Qb6 27. Rfd2 1-0

[Event "AUTO-INT-1567"]
[Site "http://www.queenalice.com/game.php?id=707322"]
[Date "2010.1.2"]
[Round "1"]
[White "dtrainey"]
[Black "klopper"]
[Result "1-0"]
[WhiteElo "1510"]
[BlackElo "1526"]

1. b3 e5 2. d4 exd4 3. Qxd4 Nc6 4. Qe3+ Nge7 5. Bb2 d5 6. Nf3 Be6 7. Nd4 Nxd4 8.
Qxd4 Nc6 9. Qa4 d4 10. e4 Bb4+ 11. c3 dxc3 12. Bxc3 Bxc3+ 13. Nxc3 Qf6 14. Rc1
O-O 15. Bb5 Bd7 16. Nd5 1-0

[Event "AUTO-INT-1567"]
[Site "http://www.queenalice.com/game.php?id=707334"]
[Date "2010.1.2"]
[Round "1"]
[White "elsoncg"]
[Black "klopper"]
[Result "1-0"]
[WhiteElo "1456"]
[BlackElo "1598"]

1. e4 c6 2. Bc4 d5 3. exd5 cxd5 4. Bb5+ Nc6 5. Bxc6+ bxc6 6. d4 Qa5+ 7. c3 Nf6
8. Nf3 Bg4 9. b4 Qb5 10. Na3 Qb8 11. b5 Qxb5 12. Nxb5 1-0

[Event "AUTO-INT-1567"]
[Site "http://www.queenalice.com/game.php?id=707335"]
[Date "2010.1.2"]
[Round "1"]
[White "klopper"]
[Black "elsoncg"]
[Result "0-1"]
[WhiteElo "1549"]
[BlackElo "1475"]

1. e4 e6 2. d4 Nf6 3. Nc3 b6 4. e5 Ng4 5. Qxg4 Ba6 6. Bxa6 Nxa6 7. Bg5 f6 8.
exf6 gxf6 9. Qh5+ Ke7 10. Bh4 Qe8 11. Qf3 Nb4 12. Qxf6+ Kd6 0-1

[Event "Let's Play Chess!"]
[Site "http://www.queenalice.com/game.php?id=707436"]
[Date "2010.1.2"]
[Round "-"]
[White "klopper"]
[Black "Taurus"]
[Result "0-1"]
[WhiteElo "1506"]
[BlackElo "2097"]

1. e4 e5 2. Nf3 Nc6 3. Bb5 a6 4. Ba4 Nf6 5. O-O b5 6. Bb3 Bc5 7. Nc3 O-O 8. d3
h6 9. Qe2 d6 10. Be3 Qe7 11. Bd5 Bd7 12. Bxc5 dxc5 13. Nh4 Nxd5 0-1

[Event "Let's Play Chess!"]
[Site "http://www.queenalice.com/game.php?id=707482"]
[Date "2010.1.2"]
[Round "-"]
[White "klopper"]
[Black "otto"]
[Result "0-1"]
[WhiteElo "1604"]
[BlackElo "2142"]

1. e4 e6 2. d4 d5 3. Nd2 c5 4. Bb5+ Bd7 5. Bxd7+ Qxd7 6. dxc5 Bxc5 7. Nb3 Bb6 8.
Bf4 Nf6 9. Ne2 Nxe4 10. O-O Nc6 11. Rc1 e5 12. Be3 d4 13. Bd2 Rd8 14. c3 dxc3
15. Bxc3 Bxf2+ 16. Kh1 Qg4 17. Nd2 Qh5 18. Qc2 Rxd2 19. Qxe4 Rxe2 20. Qd5 O-O
21. h3 Rd8 22. Qb5 Be3 0-1

[Event "Let's Play Chess!"]
[Site "http://www.queenalice.com/game.php?id=707483"]
[Date "2010.1.2"]
[Round "-"]
[White "klopper"]
[Black "otto"]
[Result "0-1"]
[WhiteElo "1608"]
[BlackElo "1964"]

1. e4 e6 2. d4 d5 3. Nd2 c5 4. Ngf3 Nf6 5. e5 Nfd7 6. Bb5 a6 7. Bxd7+ Bxd7 8. c4
cxd4 9. Nxd4 Nc6 10. Nxc6 Bxc6 11. cxd5 Qxd5 12. Nf3 Bb4+ 13. Bd2 Qe4+ 14. Qe2
Bxd2+ 15. Nxd2 Qxg2 16. Rf1 O-O 17. f4 Qxe2+ 18. Kxe2 Bb5+ 19. Ke1 Bxf1 20. Kxf1
Rac8 21. Ke2 Rc2 22. Kd3 Rxb2 23. Kc3 Rb5 24. Rb1 Rc8+ 0-1